Fazail-e-Amaal / (Record no. 534778)

000 -LEADER
fixed length control field 00317nam a22001097a 4500
082 ## - DEWEY DECIMAL CLASSIFICATION NUMBER
Classification number 297.7
100 ## - MAIN ENTRY--PERSONAL NAME
Personal name Kandhalvi, Muhammad Zakariyya
245 ## - TITLE STATEMENT
Title Fazail-e-Amaal /
Statement of responsibility, etc. Muhammad Zakariyya Kandhalvi
260 ## - PUBLICATION, DISTRIBUTION, ETC.
Place of publication, distribution, etc. Lahore :
Name of publisher, distributor, etc. Kutab Khana Faizi.
942 ## - ADDED ENTRY ELEMENTS (KOHA)
Source of classification or shelving scheme
Koha item type Book
Holdings
Withdrawn status Lost status Source of classification or shelving scheme Damaged status Not for loan Permanent Location Current Location Shelving location Date acquired Source of acquisition Total Checkouts Total Renewals Full call number Barcode Date last seen Date last checked out Price effective from Koha item type
          Central Library (CL) Central Library (CL) First Floor - Islam 06/08/2020 Donation 2 1 297.7 KAN CL-D-918 04/17/2021 03/20/2021 06/08/2020 Book
© 2023 Central Library, National University of Sciences and Technology. All Rights Reserved.